Elektrické stroje a zariadenia. Návody na laboratórne cvičenia /

Saved in:
Bibliographic Details
Main Author: Minárik, Ján
Format: Book
Language:Slovak
Published: Nitra : Slovenská poľnohospodárska univerzita v Nitre, 2003
Edition:2. nezm. vyd.
Subjects:
ISBN:8080691398
Online Access: Get full text
Tags: Add Tag
No Tags, Be the first to tag this record!

MARC

LEADER 00000nam a2200000 4500
003 SK-BrCVT
005 20220621155836.0
008 030601s2003 xo e ||||||slo d
020 |a 8080691398 
035 |a CVTIDW0968453 
040 |b slo  |a CVTI SR 
041 0 |a slo 
044 |a xo 
080 |a 621.313  |2 UDC-MRF 
100 1 |a Minárik, Ján  |9 3850 
245 1 0 |a Elektrické stroje a zariadenia. Návody na laboratórne cvičenia /  |c Ján Minárik 
250 |a 2. nezm. vyd. 
260 |a Nitra :  |b Slovenská poľnohospodárska univerzita v Nitre,  |c 2003 
300 |a 99 s. :  |b grafy, lit., obr., tab. ; 
500 |a Mechanizačná fakulta 
653 1 |a transformátor  |a motor  |a napätie 
692 |a LN DP JM MM 
910 |b S587160 
919 |a 80-8069-139-8 
974 |f Knihy 
992 |a ASK 
999 |c 127001  |d 127001